Top 20 Universitäten weltweit - Statistiken

Allgemein
  • Dieses Quiz wurde 236 mal gespielt
  • Das Durchschnittsergebnis liegt bei 6 aus 20
Antwortstatistiken
Rang Universität % Korrekt
5. 🇬🇧 University of Oxford
92%
3. 🇺🇸 Harvard University
77%
7. 🇬🇧 University of Cambridge
61%
17. 🇺🇸 Yale University
58%
1. 🇺🇸 Massachusetts Institute of Technology
49%
2. 🇺🇸 Stanford University
35%
10. 🇬🇧 University College London
35%
12. 🇺🇸 Princeton University
31%
11. 🇸🇬 National University of Singapore
24%
19. 🇺🇸 Columbia University
19%
6. 🇨🇭 ETH Zürich
18%
9. 🇺🇸 University of Chicago
14%
20. 🇬🇧 University of Edinburgh
13%
4. 🇺🇸 California Institute of Technology
11%
16. 🇺🇸 University of Pennsylvania
7%
18. 🇺🇸 Cornell University
6%
14. 🇨🇭 EPF Lausanne
3%
8. 🇬🇧 Imperial College London
3%
15. 🇨🇳 Tsinghua-University
1%
13. 🇸🇬 Nanyang Technological University
0%
Keine übereinstimmenden Quizze gefunden
Verteilung der Resultate
Anzahl Personen mit jedem Resultat
Perzentil nach korrekt beantworteten Fragen
Ihre Resultats-Entwicklung
Sie haben dieses Quiz noch nicht gespielt